[Event "IX Floripa Chess Open Fort Atacadista"]
[Site "Florianópolis - Santa Catari"]
[Date "2023.01.25"]
[Round "4.48"]
[White "Menna Barreto, Felipe Kubiaki"]
[Black "Barbosa, Flavio Novais"]
[Result "1-0"]
[WhiteElo "2305"]
[BlackElo "1863"]
[PlyCount "63"]
[EventDate "2023.01.23"]
[EventRounds "10"]
[EventCountry "BRA"]

1. d4 d5 2. Nf3 Nf6 3. c4 c6 4. e3 g6 5. Nc3 Bg7 6. Bd3 O-O 7. O-O e6 8. Qe2 b6
9. e4 dxc4 10. Bxc4 Nbd7 11. Bf4 Re8 12. Rfd1 Bb7 13. Rac1 Qe7 14. e5 Nd5 15.
Bg5 Nxc3 16. bxc3 Qf8 17. Nd2 h6 18. Bh4 g5 19. Bg3 c5 20. h4 Qe7 21. hxg5 hxg5
22. Ba6 Bd5 23. Nf1 Rad8 24. Ne3 Nb8 25. Bd3 Qb7 26. Qh5 Be4 27. Qxg5 Bxd3 28.
Rxd3 Qe4 29. Rcd1 Nc6 30. Ng4 Qg6 31. Bh4 Qxg5 32. Bxg5 1-0

[Event "IX Floripa Chess Open Fort Atacadista"]
[Site "Florianópolis - Santa Catari"]
[Date "2023.01.25"]
[Round "4.49"]
[White "Marra, Eduardo Da Costa"]
[Black "Bitencourt, Evandro Jose Dos S"]
[Result "1/2-1/2"]
[WhiteElo "2275"]
[BlackElo "1859"]
[PlyCount "52"]
[EventDate "2023.01.23"]
[EventRounds "10"]
[EventCountry "BRA"]

1. e4 c5 2. Nf3 d6 3. d4 cxd4 4. Nxd4 Nf6 5. Nc3 a6 6. h4 e5 7. Nb3 Be6 8. f4
Qc7 9. Be2 h5 10. Qd3 b5 11. Be3 Nbd7 12. a4 Bc4 13. Qd2 b4 14. Nd5 Nxd5 15.
exd5 Rc8 16. Qxb4 Bxe2 17. Kxe2 Qxc2+ 18. Nd2 Qg6 19. Qe4 Qg4+ 20. Qf3 Qf5 21.
Rhc1 Rb8 22. Rc4 Be7 23. b3 O-O 24. Qe4 Qg4+ 25. Qf3 Qf5 26. Qe4 Qg4+ 1/2-1/2

[Event "IX Floripa Chess Open Fort Atacadista"]
[Site "Florianópolis - Santa Catari"]
[Date "2023.01.25"]
[Round "4.51"]
[White "Cominato Neto, Jose Luis"]
[Black "Moritz, Diego Homrich"]
[Result "1/2-1/2"]
[WhiteElo "2260"]
[BlackElo "1854"]
[PlyCount "84"]
[EventDate "2023.01.23"]
[EventRounds "10"]
[EventCountry "BRA"]

1. e4 e6 2. d4 d5 3. Nc3 Nf6 4. exd5 exd5 5. Bg5 Be7 6. Bd3 Bg4 7. Nge2 Nbd7 8.
f3 Bh5 9. Nf4 Bg6 10. Nxg6 hxg6 11. Qe2 O-O 12. O-O-O c6 13. f4 b5 14. f5 b4
15. Na4 gxf5 16. Bxf5 Ne4 17. Bxe7 Qxe7 18. Bxe4 Qxe4 19. Qd2 a5 20. Rde1 Qh4
21. g3 Qd8 22. h4 Re8 23. Ref1 Re4 24. h5 Qe7 25. h6 g6 26. h7+ Kh8 27. Nc5
Nxc5 28. dxc5 Re8 29. a3 bxa3 30. Qc3+ Qe5 31. Qxa3 a4 32. g4 Rb8 33. Qc3 Qxc3
34. bxc3 Re7 35. Kd2 Rb5 36. c4 Rxc5 37. Rb1 Re8 38. cxd5 Rxd5+ 39. Kc3 f5 40.
Rh6 Re3+ 41. Kc4 Re4+ 42. Kc3 Re3+ 1/2-1/2

[Event "IX Floripa Chess Open Fort Atacadista"]
[Site "Florianópolis - Santa Catari"]
[Date "2023.01.25"]
[Round "4.52"]
[White "De Souza, Regis Gabetta"]
[Black "Nunes, Agatha Hurba"]
[Result "0-1"]
[WhiteElo "2221"]
[BlackElo "1823"]
[PlyCount "160"]
[EventDate "2023.01.23"]
[EventRounds "10"]
[EventCountry "BRA"]

1. d4 Nf6 2. c4 e6 3. Nf3 d5 4. cxd5 exd5 5. Bg5 Be7 6. e3 O-O 7. Bd3 Re8 8.
O-O Nbd7 9. Qc2 Nf8 10. Nc3 c6 11. Rfe1 Bg4 12. Ne5 Bh5 13. Bf5 Bg6 14. Nxg6
hxg6 15. Bd3 Nh5 16. Bxe7 Qxe7 17. a4 a5 18. Rac1 Qg5 19. Nb1 Ne6 20. Nd2 Nf6
21. Nf3 Qh6 22. h3 g5 23. Ne5 g6 24. Rb1 Kg7 25. f3 Re7 26. b4 axb4 27. Rxb4
Rae8 28. Qb2 Nd8 29. Rb6 Nd7 30. Nxd7 Rxd7 31. Qf2 Ne6 32. Qg3 Rde7 33. Rbb1
Qh4 34. Qxh4 gxh4 35. Kf2 Ra8 36. Rb4 g5 37. Reb1 Ra7 38. Bc2 f6 39. R1b2 Kf7
40. Bf5 Rc7 41. g3 Ng7 42. Bd3 hxg3+ 43. Kxg3 f5 44. Kf2 Kf6 45. Rb1 Ne6 46.
Bc2 Rd7 47. Rh1 Rh7 48. Kg3 Rh4 49. Rhb1 Rh7 50. Bd3 Rd7 51. Kf2 Rh7 52. Bf1
Rd7 53. Bg2 f4 54. Bf1 fxe3+ 55. Kxe3 Nf4 56. Kf2 Re7 57. R1b2 Kf5 58. Ra2 Rh7
59. Kg3 Nh5+ 60. Kh2 Nf4 61. Rab2 Re7 62. Kg3 Nh5+ 63. Kf2 Nf4 64. R2b3 Rh7 65.
Kg3 Nh5+ 66. Kh2 Nf4 67. Re3 Kf6 68. Kg3 Ne6 69. Reb3 Nf4 70. Ra3 Rh4 71. a5
Ne6 72. Raa4 Nc7 73. Rb6 Na8 74. Rbb4 Nc7 75. Kf2 Ne6 76. Ke3 Nf4 77. Rb6 Nxh3
78. a6 bxa6 79. Rxc6+ Ke7 80. Bxa6 Nf4 0-1

[Event "IX Floripa Chess Open Fort Atacadista"]
[Site "Florianópolis - Santa Catari"]
[Date "2023.01.25"]
[Round "4.53"]
[White "Marques Junior, Marcos Antonio"]
[Black "Rodriguez, Mathias"]
[Result "0-1"]
[WhiteElo "1870"]
[BlackElo "2207"]
[PlyCount "58"]
[EventDate "2023.01.23"]
[EventRounds "10"]
[EventCountry "BRA"]

1. e4 c5 2. Nf3 Nc6 3. Bb5 g6 4. O-O Bg7 5. Bxc6 dxc6 6. d3 Bg4 7. h3 Bxf3 8.
Qxf3 Nf6 9. Nc3 e5 10. a4 Nd7 11. a5 Nf8 12. Be3 Ne6 13. Na4 Qe7 14. c3 O-O 15.
Rfb1 Rad8 16. Qe2 f5 17. b4 cxb4 18. Rxb4 f4 19. Bxa7 f3 20. Qa2 Kh8 21. Qb1
fxg2 22. Be3 Qh4 23. Kxg2 Nf4+ 24. Bxf4 Rxf4 25. Ra2 Rxd3 26. Rbb2 Rdf3 27. Qh1
Bh6 28. Kf1 Rxh3 29. Qg2 Rg3 0-1

[Event "IX Floripa Chess Open Fort Atacadista"]
[Site "Florianópolis - Santa Catari"]
[Date "2023.01.25"]
[Round "4.54"]
[White "Correa, Joao Pedro Vieira"]
[Black "Fernandez, Maria Florencia"]
[Result "1-0"]
[WhiteElo "1865"]
[BlackElo "2181"]
[PlyCount "79"]
[EventDate "2023.01.23"]
[EventRounds "10"]
[EventCountry "BRA"]

1. e4 d6 2. d4 Nf6 3. Nc3 g6 4. Nf3 Bg7 5. Be2 O-O 6. O-O b6 7. Re1 Bb7 8. Bf1
c5 9. d5 Na6 10. h3 Nc7 11. Bf4 Nh5 12. Bh2 a6 13. a4 b5 14. g4 b4 15. Nb1 Nf6
16. c4 h5 17. e5 dxe5 18. Nxe5 hxg4 19. hxg4 Nce8 20. Nd2 Nd6 21. f4 Re8 22. f5
gxf5 23. g5 Ng4 24. Nxg4 fxg4 25. Be5 Bc8 26. Bd3 Rf8 27. Qe2 f5 28. Qh2 Bxe5
29. Rxe5 Rf7 30. g6 Rg7 31. Nb3 Ra7 32. Kg2 Qe8 33. Rh1 Qxg6 34. Qh8+ Kf7 35.
Nxc5 Rc7 36. Ne6 Bxe6 37. dxe6+ Kf6 38. Rh6 Qxh6 39. Qxh6+ Kxe5 40. Qxg7+ 1-0

[Event "IX Floripa Chess Open Fort Atacadista"]
[Site "Florianópolis - Santa Catari"]
[Date "2023.01.25"]
[Round "4.55"]
[White "Trombini, Fabio"]
[Black "Zampronha, Wladimir Camilo"]
[Result "0-1"]
[WhiteElo "1861"]
[BlackElo "2164"]
[PlyCount "82"]
[EventDate "2023.01.23"]
[EventRounds "10"]
[EventCountry "BRA"]

1. d4 Nf6 2. c4 e6 3. Nf3 d5 4. Nc3 Bb4 5. Qa4+ Nc6 6. e3 O-O 7. Qc2 Re8 8. Bd3
e5 9. dxe5 Nxe5 10. Nxe5 Rxe5 11. O-O dxc4 12. Bxc4 Qe7 13. Bd2 Be6 14. Qb3
Bxc4 15. Qxc4 Bd6 16. Rfe1 Ne4 17. Nxe4 Rxe4 18. Qc2 Re8 19. f3 Qh4 20. h3 R4e6
21. e4 Rg6 22. e5 Rxe5 23. Rxe5 Bxe5 24. Qf5 Re6 25. Bc3 Qf4 26. Qxf4 Bxf4 27.
Rd1 Bd6 28. Kf1 f6 29. Rd5 Kf7 30. Kf2 Ke7 31. Rh5 h6 32. Rd5 c6 33. Rd1 b5 34.
Rd3 c5 35. Be1 c4 36. Rd1 Bc5+ 37. Kf1 Rd6 38. Rc1 Rd5 39. Ke2 Ke6 40. Bg3 Bd4
41. Rc2 Rg5 0-1

[Event "IX Floripa Chess Open Fort Atacadista"]
[Site "Florianópolis - Santa Catari"]
[Date "2023.01.25"]
[Round "4.56"]
[White "Weise, William Ferreira"]
[Black "Delgado, Lidio Dias"]
[Result "1-0"]
[WhiteElo "1856"]
[BlackElo "2150"]
[PlyCount "117"]
[EventDate "2023.01.23"]
[EventRounds "10"]
[EventCountry "BRA"]

1. e4 d6 2. d4 Nf6 3. Nc3 c6 4. Bc4 d5 5. exd5 cxd5 6. Bd3 Nc6 7. Nge2 Bg4 8.
f3 Bh5 9. Bg5 e6 10. Qd2 Bg6 11. Bxg6 hxg6 12. O-O-O Be7 13. g4 Qa5 14. Kb1
O-O-O 15. h4 Ne8 16. Bxe7 Nxe7 17. Qf4 Nd6 18. Nc1 Qc7 19. Qg5 Kb8 20. h5 gxh5
21. Rxh5 Rxh5 22. Qxh5 Nc6 23. Qh7 f6 24. Nb3 b6 25. Re1 Qf7 26. f4 f5 27. g5
Ne4 28. Rh1 Ne7 29. Ne2 Ng6 30. Qh5 Rc8 31. c3 Kb7 32. Nbc1 Rh8 33. Qxh8 Nxh8
34. Rxh8 Nxg5 35. fxg5 f4 36. Nd3 f3 37. Nef4 Qf5 38. Rh3 Qe4 39. Rh1 Qf5 40.
g6 Qg4 41. Rf1 a5 42. Kc2 Qg3 43. Kd2 a4 44. Ke3 a3 45. bxa3 f2+ 46. Ke2 Qg4+
47. Kxf2 Qh4+ 48. Ke2 Qh2+ 49. Rf2 Qh1 50. Kd2 Ka6 51. Nxe6 Kb5 52. Kc2 Qe4 53.
Nef4 Ka4 54. Re2 Qh1 55. Re7 Qh2+ 56. Ne2 Qh6 57. Ra7+ Kb5 58. Kb3 Qxg6 59. a4+
1-0

[Event "IX Floripa Chess Open Fort Atacadista"]
[Site "Florianópolis - Santa Catari"]
[Date "2023.01.25"]
[Round "4.57"]
[White "Cardozo, Matheus Santos"]
[Black "Heinechen, Juan"]
[Result "0-1"]
[WhiteElo "1856"]
[BlackElo "2146"]
[PlyCount "90"]
[EventDate "2023.01.23"]
[EventRounds "10"]
[EventCountry "BRA"]

1. d4 c5 2. Nf3 cxd4 3. Nxd4 g6 4. c4 Bg7 5. g3 Nc6 6. Nxc6 bxc6 7. Bg2 Nf6 8.
O-O O-O 9. Qc2 d5 10. Nc3 e6 11. Rd1 Qc7 12. Be3 Ba6 13. cxd5 cxd5 14. Rac1
Rfc8 15. Qa4 Qb7 16. Bf3 Rc4 17. Qa5 Bf8 18. a3 Rac8 19. Na4 Rxc1 20. Rxc1
Rxc1+ 21. Bxc1 Bb5 22. Nc3 Be8 23. e3 Nd7 24. Qd8 Ne5 25. Be2 Bc6 26. b4 Kg7
27. b5 Bd7 28. Bb2 f6 29. g4 Nf7 30. Qa5 Bd6 31. h4 h6 32. Nd1 e5 33. h5 gxh5
34. gxh5 Ng5 35. Qd8 d4 36. f3 d3 37. Bxd3 Nf7 38. Qa5 Qxf3 39. Qe1 Ng5 40. Nf2
Bc5 41. Bc1 Qxh5 42. Qc3 Bb6 43. Bc2 Bxb5 44. a4 Nf3+ 45. Kg2 Nh4+ 0-1

[Event "IX Floripa Chess Open Fort Atacadista"]
[Site "Florianópolis - Santa Catari"]
[Date "2023.01.25"]
[Round "4.58"]
[White "Pimenta, Elisandro Da Silva"]
[Black "Dominguez, Facundo"]
[Result "0-1"]
[WhiteElo "1855"]
[BlackElo "2132"]
[PlyCount "42"]
[EventDate "2023.01.23"]
[EventRounds "10"]
[EventCountry "BRA"]

1. b3 e5 2. Bb2 Nc6 3. e3 Nf6 4. Bb5 Bd6 5. Ne2 a6 6. Bxc6 dxc6 7. O-O O-O 8.
h3 c5 9. d3 e4 10. dxe4 Nxe4 11. Nbc3 Qh4 12. Nxe4 Qxe4 13. Nc3 Qe5 14. f4
Qxe3+ 15. Kh1 Bf5 16. Qh5 Bxc2 17. Nd5 Qe6 18. Bxg7 Kxg7 19. f5 Qe5 20. f6+ Kh8
21. Qxe5 Bxe5 0-1

[Event "IX Floripa Chess Open Fort Atacadista"]
[Site "Florianópolis - Santa Catari"]
[Date "2023.01.25"]
[Round "4.59"]
[White "Moyses Sobrinho, Elias"]
[Black "Fernandes Filho, Bergson Fragoso"]
[Result "1/2-1/2"]
[WhiteElo "1852"]
[BlackElo "2113"]
[PlyCount "94"]
[EventDate "2023.01.23"]
[EventRounds "10"]
[EventCountry "BRA"]

1. d4 Nf6 2. c4 c5 3. d5 b5 4. cxb5 a6 5. bxa6 d6 6. Nc3 g6 7. e4 Bg7 8. Bb5+
Nbd7 9. Nge2 O-O 10. O-O Bxa6 11. Bxa6 Rxa6 12. Qc2 Qa8 13. b3 Rc8 14. Bb2 c4
15. f3 Ne5 16. Nb5 Rxa2 17. Rxa2 Qxa2 18. Rc1 Rc5 19. Bxe5 cxb3 20. Qxa2 bxa2
21. Rxc5 dxc5 22. Ba1 Nxe4 23. Nbc3 Nd2 24. Nc1 Bd4+ 25. Kh1 Nc4 26. N1xa2 f5
27. Nc1 Kf7 28. Nb3 Ne3 29. Na4 Bxa1 30. Nxa1 c4 31. Nc3 f4 32. Kg1 Kf6 33. Kf2
Ke5 34. g3 fxg3+ 35. hxg3 Nxd5 36. Nxd5 Kxd5 37. Ke3 e5 38. Nc2 h5 39. f4 Ke6
40. Ke4 exf4 41. Kxf4 c3 42. Ne3 Kf7 43. Ke4 Kf6 44. Nd5+ Kg5 45. Nxc3 Kg4 46.
Ne2 g5 47. Ke3 h4 1/2-1/2

[Event "IX Floripa Chess Open Fort Atacadista"]
[Site "Florianópolis - Santa Catari"]
[Date "2023.01.25"]
[Round "4.60"]
[White "Ferreira, Gabriel Duque"]
[Black "De Carvalho, Vitor Augusto Ponci"]
[Result "0-1"]
[WhiteElo "1848"]
[BlackElo "2097"]
[PlyCount "80"]
[EventDate "2023.01.23"]
[EventRounds "10"]
[EventCountry "BRA"]

1. c4 e5 2. Nc3 d6 3. Nf3 f5 4. d4 e4 5. Ng5 c6 6. Qc2 Be7 7. Nh3 Nf6 8. e3 Na6
9. a3 Nc7 10. Bd2 d5 11. Be2 dxc4 12. Bxc4 Be6 13. Qb3 Bxc4 14. Qxc4 Ncd5 15.
O-O Bd6 16. f3 Qc7 17. f4 h6 18. Rac1 Qf7 19. Nxd5 Qxd5 20. Nf2 Qxc4 21. Rxc4
Kd7 22. Rcc1 Nd5 23. Nd1 b5 24. Nc3 Nb6 25. Rc2 Rhc8 26. g4 g6 27. Kf2 h5 28.
gxh5 gxh5 29. Rg1 Rg8 30. Rxg8 Rxg8 31. Ne2 h4 32. Rc1 Nc4 33. Rxc4 bxc4 34. d5
cxd5 35. Nd4 h3 36. Bc3 Rg2+ 37. Kf1 Rxh2 38. Kg1 Rg2+ 39. Kh1 Bc5 40. Nxf5 Re2
0-1

[Event "IX Floripa Chess Open Fort Atacadista"]
[Site "Florianópolis - Santa Catari"]
[Date "2023.01.25"]
[Round "4.61"]
[White "Souza, Rafael Cabral De"]
[Black "Machado Da Silva, Lucas"]
[Result "1-0"]
[WhiteElo "2096"]
[BlackElo "1822"]
[PlyCount "49"]
[EventDate "2023.01.23"]
[EventRounds "10"]
[EventCountry "BRA"]

1. e4 Nf6 2. Bc4 d5 3. exd5 Nxd5 4. Nc3 Be6 5. Qf3 c6 6. Nge2 Nc7 7. Bd3 Nd7 8.
Qe3 Nf6 9. O-O g6 10. Nf4 Ncd5 11. Nxe6 Nxe3 12. Nxd8 Nxf1 13. Nxb7 Nxh2 14.
Kxh2 e5 15. Na5 Bd6 16. Ne4 Nxe4 17. Bxe4 O-O 18. b3 Rac8 19. Nxc6 Rc7 20. Bb2
Rfc8 21. Na5 Rc5 22. Nb7 f5 23. Nxd6 fxe4 24. Nxc8 Rxc8 25. Bc3 1-0

[Event "IX Floripa Chess Open Fort Atacadista"]
[Site "Florianópolis - Santa Catari"]
[Date "2023.01.25"]
[Round "4.62"]
[White "Da Silva, Lucas Pereira Mende"]
[Black "Heredia Serrano, Carla"]
[Result "1-0"]
[WhiteElo "1838"]
[BlackElo "2093"]
[PlyCount "85"]
[EventDate "2023.01.23"]
[EventRounds "10"]
[EventCountry "BRA"]

1. e4 c6 2. d4 d5 3. f3 e6 4. Nc3 Bb4 5. Bd2 Nf6 6. e5 Nfd7 7. f4 a6 8. Nf3 c5
9. a3 Bxc3 10. Bxc3 Nc6 11. Qd2 b5 12. Qf2 Qe7 13. Bd3 c4 14. Be2 O-O 15. O-O
f5 16. Kh1 a5 17. Rg1 Bb7 18. g4 b4 19. Bd2 Kh8 20. c3 bxa3 21. bxa3 Nd8 22. a4
Nf7 23. gxf5 exf5 24. Bc1 Qe6 25. Ba3 Rg8 26. Qh4 Ra6 27. Rg3 Qe8 28. Rh3 Rh6
29. Qg3 Bc6 30. Rxh6 gxh6 31. Qh3 Qe6 32. Nh4 Nf6 33. Qxf5 Ne4 34. Rf1 Qxf5 35.
Nxf5 Bd7 36. Ne7 Rg7 37. f5 Nfg5 38. f6 Rf7 39. Rb1 Rf8 40. Ng6+ hxg6 41. Bxf8
Kg8 42. Rb8 Nf2+ 43. Kg2 1-0

[Event "IX Floripa Chess Open Fort Atacadista"]
[Site "Florianópolis - Santa Catari"]
[Date "2023.01.25"]
[Round "4.63"]
[White "Resende, Lucas B. Massucato"]
[Black "Araujo Filho, Luiz Antonio Coel"]
[Result "0-1"]
[WhiteElo "1824"]
[BlackElo "2089"]
[PlyCount "136"]
[EventDate "2023.01.23"]
[EventRounds "10"]
[EventCountry "BRA"]

1. d4 Nf6 2. c4 c5 3. d5 b5 4. cxb5 a6 5. b6 d6 6. Nc3 Qxb6 7. e4 g6 8. Nf3 Bg7
9. Bd3 Nbd7 10. O-O O-O 11. Nd2 Qc7 12. Nc4 Nb6 13. Bg5 Nxc4 14. Bxc4 Ng4 15.
Be2 Nf6 16. f4 Rb8 17. Rb1 Rb6 18. Qd2 Bd7 19. Bh4 Rfb8 20. Bg3 Rb4 21. Bf3 Ng4
22. Nd1 Qb6 23. h3 Bd4+ 24. Kh1 Nf6 25. e5 Ne8 26. e6 fxe6 27. dxe6 Bxe6 28.
Re1 Bxa2 29. Ra1 Bc4 30. Rxe7 Ng7 31. Bg4 Bf6 32. Rd7 Rd8 33. Rxd8+ Qxd8 34.
Bf2 Qe7 35. Nc3 Qf8 36. Rd1 Rb6 37. Bf3 Nf5 38. Re1 Ne7 39. Na4 Rb4 40. Nc3 Nf5
41. Bc6 Rb8 42. Ne4 Rxb2 43. Nxf6+ Qxf6 44. Re8+ Kg7 45. Qc1 Bf7 46. Be1 Bxe8
47. Bxe8 Re2 48. Bc3 Nd4 49. Bd7 Qe7 50. Bg4 Re3 51. Qd2 Qe4 52. Bf3 Qd3 53.
Bxd4+ Qxd4 54. Qa5 Qxf4 55. Qc7+ Kh6 56. Qa5 Qe5 57. Kg1 Qg3 58. Kf1 c4 59. Qd2
Qf4 60. Qb4 a5 61. Qb6 c3 62. Qc7 Qg3 63. Be2 Rxe2 64. Kxe2 Qxg2+ 65. Ke3 Qd2+
66. Ke4 c2 67. Qd8 Qf2 68. Qc8 Qf1 0-1

[Event "IX Floripa Chess Open Fort Atacadista"]
[Site "Florianópolis - Santa Catari"]
[Date "2023.01.25"]
[Round "4.64"]
[White "Dias, Anderson Tatsch"]
[Black "Dos Santos, Gustavo Mota"]
[Result "1/2-1/2"]
[WhiteElo "2087"]
[BlackElo "1810"]
[PlyCount "56"]
[EventDate "2023.01.23"]
[EventRounds "10"]
[EventCountry "BRA"]

1. d4 Nf6 2. c4 c5 3. d5 b5 4. cxb5 a6 5. b6 g6 6. Nc3 Bg7 7. e4 O-O 8. Nf3 d6
9. Be2 Nbd7 10. O-O Qxb6 11. Qc2 Rb8 12. Rb1 a5 13. Re1 Ne8 14. Bg5 f6 15. Be3
Ba6 16. b3 Nc7 17. Nd2 Bxe2 18. Rxe2 Qa6 19. Nc4 Ne5 20. Nxe5 fxe5 21. Ree1 Rb7
22. h3 Rfb8 23. Rec1 c4 24. bxc4 Qxc4 25. Rxb7 Rxb7 26. Qa4 Qxa4 27. Nxa4 Kf7
28. Nb6 Nb5 1/2-1/2

[Event "IX Floripa Chess Open Fort Atacadista"]
[Site "Florianópolis - Santa Catari"]
[Date "2023.01.25"]
[Round "4.65"]
[White "Perez, Hernan"]
[Black "Cezar, Ricardo De Almeida"]
[Result "1-0"]
[WhiteElo "2081"]
[BlackElo "1795"]
[PlyCount "55"]
[EventDate "2023.01.23"]
[EventRounds "10"]
[EventCountry "BRA"]

1. Nf3 d5 2. c4 c6 3. b3 Nf6 4. e3 e6 5. Bb2 Nbd7 6. Nc3 Bd6 7. d4 O-O 8. cxd5
exd5 9. Bd3 Re8 10. Qc2 a5 11. O-O Nf8 12. h3 Ng6 13. Rac1 b6 14. Rfe1 Bb7 15.
e4 dxe4 16. Nxe4 Nxe4 17. Bxe4 Rc8 18. Ne5 Bxe5 19. dxe5 Qc7 20. Bf5 Rcd8 21.
e6 Nf8 22. exf7+ Qxf7 23. Qc3 c5 24. Rcd1 Rxd1 25. Rxd1 Re2 26. g4 Qe7 27. Bd3
Rxf2 28. Bc4+ 1-0

[Event "IX Floripa Chess Open Fort Atacadista"]
[Site "Florianópolis - Santa Catari"]
[Date "2023.01.25"]
[Round "4.66"]
[White "Boabaid, Jorge Alberto Duard"]
[Black "Silva, Caio Henrique Angel"]
[Result "0-1"]
[WhiteElo "1822"]
[BlackElo "2081"]
[PlyCount "124"]
[EventDate "2023.01.23"]
[EventRounds "10"]
[EventCountry "BRA"]

1. d4 Nf6 2. c4 g6 3. Nc3 d5 4. Nf3 Bg7 5. e3 O-O 6. Bd3 c5 7. O-O cxd4 8. exd4
Nc6 9. h3 b6 10. cxd5 Nb4 11. Bb1 Bb7 12. Bf4 Nbxd5 13. Be5 Nxc3 14. bxc3 Rc8
15. Qd3 Be4 16. Qe3 Bxb1 17. Bxf6 Bxf6 18. Raxb1 Qd5 19. Rb2 Rc7 20. Ne5 b5 21.
Rfb1 a6 22. Rb3 Rfc8 23. Ra3 Qd6 24. Rab3 a5 25. Rxb5 Rxc3 26. Qe4 a4 27. Rb6
Qc7 28. Rb7 Qd8 29. Nd7 Bg7 30. Qd5 e6 31. Qd6 R3c6 32. Qf4 R6c7 33. Rxc7 Rxc7
34. Rb8 Rc8 35. Rb7 Qe7 36. h4 Rd8 37. Nc5 Qf6 38. Qc7 Rf8 39. Nd7 Qxd4 40. Rb8
h5 41. Rxf8+ Bxf8 42. Qd8 Qd1+ 43. Kh2 Qd6+ 44. g3 Qe7 45. Qc8 e5 46. Qc6 a3
47. Nf6+ Kg7 48. Ne8+ Kh8 49. Nf6 Qc5 50. Qf3 Be7 51. Ne4 Qd5 52. Ng5 Qxf3 53.
Nxf3 f6 54. Kg2 Kg7 55. Nd2 Kf7 56. Kf3 f5 57. Ke2 Ke6 58. Kf3 Kd5 59. Ke2 Bc5
60. f3 Kd4 61. Nb3+ Kc4 62. Nxc5 Kxc5 0-1

[Event "IX Floripa Chess Open Fort Atacadista"]
[Site "Florianópolis - Santa Catari"]
[Date "2023.01.25"]
[Round "4.67"]
[White "Lima, Kleyton Alcantara"]
[Black "Ferreira, Rodrigo Maycon Mira"]
[Result "1-0"]
[WhiteElo "2080"]
[BlackElo "1781"]
[PlyCount "45"]
[EventDate "2023.01.23"]
[EventRounds "10"]
[EventCountry "BRA"]

1. e4 Nf6 2. e5 Nd5 3. d4 Nb6 4. Nf3 d6 5. Be2 g6 6. O-O Bg7 7. exd6 cxd6 8.
Re1 h6 9. a4 O-O 10. c3 a5 11. Na3 Nc6 12. d5 Nb8 13. Be3 Bg4 14. Qd2 Kh7 15.
Ng5+ hxg5 16. Bxg4 Nxa4 17. Bxg5 Re8 18. Re3 f5 19. Qc2 fxg4 20. Qxa4 Qd7 21.
Qxd7 Nxd7 22. Nb5 Rec8 23. Bxe7 1-0

[Event "IX Floripa Chess Open Fort Atacadista"]
[Site "Florianópolis - Santa Catari"]
[Date "2023.01.25"]
[Round "4.68"]
[White "Gatelli, Jacson Henrique"]
[Black "Madeira, Wagner Martins"]
[Result "1-0"]
[WhiteElo "1820"]
[BlackElo "2080"]
[PlyCount "71"]
[EventDate "2023.01.23"]
[EventRounds "10"]
[EventCountry "BRA"]

1. d4 Nf6 2. c4 c5 3. d5 e6 4. Nc3 exd5 5. cxd5 d6 6. e4 g6 7. h3 Bg7 8. Nf3
O-O 9. Bd3 Re8 10. O-O a6 11. a4 Nbd7 12. Bg5 Rb8 13. Nd2 h6 14. Bh4 Ne5 15.
Qc2 Qc7 16. Be2 g5 17. Bg3 Nfd7 18. f4 gxf4 19. Bxf4 Ng6 20. Bg3 Bd4+ 21. Kh1
Nde5 22. Nf3 Nxf3 23. Rxf3 Ne5 24. Rf6 Qe7 25. Raf1 Be3 26. Bh5 Rf8 27. Qe2 Bg5
28. Bxe5 dxe5 29. Rxf7 Rxf7 30. Rxf7 Qd6 31. Qf2 Bd7 32. h4 Bf4 33. g3 Bd2 34.
Rf6 Qe7 35. d6 Qd8 36. Nd5 1-0

[Event "IX Floripa Chess Open Fort Atacadista"]
[Site "Florianópolis - Santa Catari"]
[Date "2023.01.25"]
[Round "4.69"]
[White "Dos Santos, Dwlyan Silva"]
[Black "Cantero, Rodolfo"]
[Result "0-1"]
[WhiteElo "1810"]
[BlackElo "2070"]
[PlyCount "72"]
[EventDate "2023.01.23"]
[EventRounds "10"]
[EventCountry "BRA"]

1. e4 e5 2. Nf3 Nc6 3. Bc4 Nf6 4. d3 Be7 5. c3 O-O 6. O-O d5 7. exd5 Nxd5 8.
Bb3 Bg4 9. Qe2 Kh8 10. Qe4 Be6 11. Nxe5 Nxe5 12. Qxe5 Bd6 13. Qh5 a5 14. Bxd5
Bxd5 15. Nd2 f5 16. Nf3 Ra6 17. d4 c5 18. Be3 c4 19. Ne5 Bxe5 20. dxe5 f4 21.
Bc5 Rh6 22. Qd1 Qh4 23. f3 Qxh2+ 24. Kf2 Qg3+ 25. Ke2 Qxg2+ 26. Ke1 Qg3+ 27.
Bf2 Qxf3 28. Qxf3 Bxf3 29. Bc5 Re8 30. Bd4 Bg2 31. Rxf4 Rh1+ 32. Kf2 Rxa1 33.
Kxg2 Rxa2 34. Rf7 Rxb2+ 35. Kg3 Kg8 36. e6 Rxe6 0-1

[Event "IX Floripa Chess Open Fort Atacadista"]
[Site "Florianópolis - Santa Catari"]
[Date "2023.01.25"]
[Round "4.70"]
[White "Casalaspro, Mathias Andre"]
[Black "Mazetto, Sergio Luiz"]
[Result "1/2-1/2"]
[WhiteElo "1806"]
[BlackElo "2065"]
[PlyCount "31"]
[EventDate "2023.01.23"]
[EventRounds "10"]
[EventCountry "BRA"]

1. e4 c5 2. Nf3 Nc6 3. c3 d5 4. exd5 Qxd5 5. d4 Nf6 6. Be3 cxd4 7. cxd4 e6 8.
Nc3 Bb4 9. a3 Bxc3+ 10. bxc3 O-O 11. Be2 b6 12. O-O Bb7 13. c4 Qd6 14. Qc2 Rac8
15. Rfd1 h6 16. Qd2 1/2-1/2

[Event "IX Floripa Chess Open Fort Atacadista"]
[Site "Florianópolis - Santa Catari"]
[Date "2023.01.25"]
[Round "4.71"]
[White "Soares, Joao Carlos T. C."]
[Black "Gadea, Fernando"]
[Result "0-1"]
[WhiteElo "2062"]
[BlackElo "1768"]
[PlyCount "86"]
[EventDate "2023.01.23"]
[EventRounds "10"]
[EventCountry "BRA"]

1. d4 Nf6 2. c4 e6 3. Nc3 Bb4 4. g3 c5 5. Nf3 O-O 6. Bg2 Nc6 7. O-O d6 8. d5
exd5 9. Nxd5 Nxd5 10. cxd5 Ne7 11. Nd2 Re8 12. Nb3 Rb8 13. a3 Ba5 14. Nxa5 Qxa5
15. Bd2 Qc7 16. a4 b6 17. Bc3 a6 18. e4 Ng6 19. f4 f6 20. h4 b5 21. axb5 axb5
22. b3 b4 23. Bb2 Bb7 24. h5 Nh8 25. h6 Ng6 26. Qh5 Ra8 27. g4 Rxa1 28. Bxa1
Ra8 29. hxg7 Nxf4 30. Qh6 Ng6 31. Bxf6 c4 32. bxc4 b3 33. Qc1 Qc5+ 34. Kh1 Ba6
35. g5 Bxc4 36. Bh3 Re8 37. Be6+ Rxe6 38. dxe6 Qc8 39. Be7 Qxe6 40. Rf8+ Kxg7
41. Qc3+ Ne5 42. Bxd6 Qxd6 43. Re8 Qd1+ 0-1

[Event "IX Floripa Chess Open Fort Atacadista"]
[Site "Florianópolis - Santa Catari"]
[Date "2023.01.25"]
[Round "4.72"]
[White "Pavao, Fabio Biasi"]
[Black "Lage, Pedro Ferreira"]
[Result "1/2-1/2"]
[WhiteElo "1799"]
[BlackElo "2055"]
[PlyCount "53"]
[EventDate "2023.01.23"]
[EventRounds "10"]
[EventCountry "BRA"]

1. c4 e6 2. g3 d5 3. Bg2 Nf6 4. Nf3 Be7 5. O-O O-O 6. b3 d4 7. Bb2 c5 8. b4 Nc6
9. b5 Na5 10. d3 Nd7 11. Nbd2 e5 12. e3 f6 13. exd4 cxd4 14. Nb3 Nc5 15. Nxc5
Bxc5 16. Nd2 Bf5 17. Nb3 Nxb3 18. axb3 Qe7 19. Bd5+ Be6 20. Bxe6+ Qxe6 21. Ba3
Bxa3 22. Rxa3 f5 23. f4 Rfe8 24. fxe5 Qxe5 25. Qf3 Qe3+ 26. Kg2 Qxf3+ 27. Rxf3
1/2-1/2